Statistics for Countries Most Similar To Vietnam

Click here to take the quiz!

General Stats

  • This quiz has been taken 129 times
  • The average score is 12 of 21

Answer Stats

RankCountryScore% Correct
1China69.7
98%
3Thailand68.9
92%
2Laos69.5
91%
4Cambodia67.2
88%
7Indonesia65.4
84%
11South Korea59.8
79%
10Malaysia63.1
78%
15India58.7
75%
6Myanmar66.2
75%
5Philippines66.4
73%
9Taiwan63.6
67%
8North Korea64.8
66%
13Singapore59.3
64%
18Brunei58.0
52%
12Sri Lanka59.6
35%
17Kazakhstan58.1
23%
20Kyrgyzstan57.7
21%
19Cuba57.8
20%
14Uzbekistan59.2
20%
16Azerbaijan58.4
5%
20Peru57.7
5%

Score Distribution

Percentile by Number Answered

Percent of People with Each Score

Your Score History

You have not taken this quiz